[Event "Zadar op-B 21th"]
[Site "Zadar"]
[Date "2014.12.18"]
[Round "7"]
[White "Ribicic, Mate"]
[Black "Bozinovic, Bogdan"]
[Result "1-0"]
[WhiteElo "2203"]
[BlackElo "2281"]
[PlyCount "79"]
[EventDate "2014.12.14"]
[EventType "swiss"]
[EventRounds "9"]
[EventCountry "CRO"]
[SourceTitle "EXT 2016"]
[Source "ChessBase"]
[SourceDate "2015.10.08"]
[SourceVersion "1"]
[SourceVersionDate "2015.10.08"]
[SourceQuality "1"]

1. Nf3 c5 2. g3 b6 3. Bg2 Bb7 4. c4 Nf6 5. Nc3 e6 6. 0-0 a6 7. Re1 d6 8. e4 Nbd7 9. d4 cxd4 10. Nxd4 Qc7 11. Nd5 exd5 12. exd5+ Ne5 13. f4 0-0-0 14. fxe5 dxe5 15. Nf5 Qxc4 16. Be3 Kb8 17. Rc1 Qb5 18. a4 Qb4 19. Bd2 Qg4 20. Qb3 Nxd5 21. Rxe5 f6 22. Rxd5 Rxd5 23. Bf4+ Ka8 24. Ne3 Bc5 25. Bxd5 Qd7 26. Rd1 g5 27. Bxb7+ Qxb7 28. Bd6 Rc8 29. Bxc5 Rxc5 30. Qd3 Ka7 31. b4 Re5 32. Nc4 Re6 33. a5 bxa5 34. bxa5 Qe4 35. Qd7+ Ka8 36. Qd8+ Kb7 37. Rd7+ Kc6 38. Rc7+ Kb5 39. Qb8+ Ka4 40. Nb2+ 1-0

[Event "Zadar op-B 21th"]
[Site "Zadar"]
[Date "2014.12.17"]
[Round "6"]
[White "Balenovic, Zvonimir"]
[Black "Ribicic, Mate"]
[Result "0-1"]
[WhiteElo "2185"]
[BlackElo "2203"]
[PlyCount "60"]
[EventDate "2014.12.14"]
[EventType "swiss"]
[EventRounds "9"]
[EventCountry "CRO"]
[SourceTitle "EXT 2016"]
[Source "ChessBase"]
[SourceDate "2015.10.08"]
[SourceVersion "1"]
[SourceVersionDate "2015.10.08"]
[SourceQuality "1"]

1. e4 c5 2. Nf3 Nc6 3. Bb5 Nf6 4. Qe2 Nb4 5. d3 a6 6. Ba4 b5 7. Bb3 d6 8. h3 e6 9. 0-0 Be7 10. a4 Bb7 11. Nc3 Qb6 12. Bg5 0-0 13. axb5 axb5 14. Rxa8 Bxa8 15. Ra1 Nc6 16. Nd1 h6 17. Bh4 Bb7 18. Ne3 Ra8 19. Rxa8+ Bxa8 20. c3 Qa7 21. g4 Ne5 22. Nxe5 dxe5 23. Nf1 Nh5 24. gxh5 Bxh4 25. Qg4 Bxf2+ 26. Kg2 c4 27. dxc4 f5 28. Qe2 Bxe4+ 29. Kh2 Bg1+ 30. Kg3 f4+ 0-1

[Event "CRO-chT2 South"]
[Site "Croatia"]
[Date "2014.04.27"]
[Round "3.3"]
[White "Ribicic, Mate"]
[Black "Martinovic, Ferdo"]
[Result "1-0"]
[WhiteElo "2200"]
[BlackElo "1912"]
[PlyCount "41"]
[EventDate "2014.04.25"]
[EventType "team-tourn"]
[EventRounds "9"]
[EventCountry "CRO"]
[SourceTitle "EXT 2019"]
[Source "ChessBase"]
[SourceDate "2018.10.10"]
[SourceVersion "1"]
[SourceVersionDate "2018.10.10"]
[SourceQuality "1"]

1. d4 d5 2. c4 Nc6 3. Nf3 Bg4 4. Nc3 Nf6 5. cxd5 Bxf3 6. exf3 Nxd5 7. Qb3 e6 8. Qxb7 Nxd4 9. Bb5+ Nxb5 10. Qc6+ Ke7 11. Nxb5 Kf6 12. 0-0 Bd6 13. Re1 g6 14. b3 Kg7 15. Bb2+ Nf6 16. Rad1 Qe7 17. Nc3 Qe8 18. Qc4 Rd8 19. Ne4 Be7 20. Qc3 Rxd1 21. Rxd1 1-0

[Event "CRO-chT2 South"]
[Site "Croatia"]
[Date "2014.04.26"]
[Round "2.4"]
[White "Batinic, Stipan"]
[Black "Ribicic, Mate"]
[Result "1/2-1/2"]
[WhiteElo "1794"]
[BlackElo "2200"]
[PlyCount "64"]
[EventDate "2014.04.25"]
[EventType "team-tourn"]
[EventRounds "9"]
[EventCountry "CRO"]
[SourceTitle "EXT 2019"]
[Source "ChessBase"]
[SourceDate "2018.10.10"]
[SourceVersion "1"]
[SourceVersionDate "2018.10.10"]
[SourceQuality "1"]

1. d4 c5 2. c3 e6 3. Nf3 Nf6 4. Bf4 Nc6 5. e3 b6 6. Bd3 Bb7 7. 0-0 Be7 8. h3 0-0 9. Nbd2 Nh5 10. Bh2 f5 11. Ne5 Nf6 12. Nxc6 Bxc6 13. dxc5 bxc5 14. Nc4 Qe8 15. Be2 Qg6 16. Bf3 Bxf3 17. Qxf3 Ne4 18. Rad1 d5 19. Ne5 Qe8 20. Nd3 c4 21. Ne1 Qa4 22. a3 Qb3 23. Qe2 Bxa3 24. f3 Nxc3 25. bxc3 Qxc3 26. Nc2 Bc5 27. Kh1 Rae8 28. Qd2 Qf6 29. Qa5 Bb6 30. Qb5 Qc3 31. Nd4 Bxd4 32. exd4 f4 1/2-1/2

[Event "CRO-chT qual"]
[Site "Kastel Kambelovac"]
[Date "2014.??.??"]
[Round "2"]
[White "Pucovski, Miroslav"]
[Black "Ribicic, Mate"]
[Result "1/2-1/2"]
[WhiteElo "2295"]
[BlackElo "2196"]
[PlyCount "73"]
[EventDate "2014.11.??"]
[EventType "team-tourn"]
[EventRounds "3"]
[EventCountry "CRO"]
[SourceTitle "EXT 2016"]
[Source "ChessBase"]
[SourceDate "2015.10.08"]
[SourceVersion "1"]
[SourceVersionDate "2015.10.08"]
[SourceQuality "1"]

1. e4 c5 2. c3 g6 3. d4 cxd4 4. cxd4 d5 5. e5 Bg7 6. Nc3 Nc6 7. Bb5 f6 8. exf6 exf6 9. Nge2 Nge7 10. 0-0 0-0 11. Re1 Bg4 12. f3 Be6 13. Be3 Re8 14. Nf4 Bf7 15. Bf2 Qd6 16. Nfe2 Nf5 17. Bxc6 bxc6 18. Ng3 Rxe1+ 19. Qxe1 Nxg3 20. Bxg3 Qb4 21. Qd2 Rb8 22. b3 Re8 23. Rd1 Bf8 24. Na4 Qb5 25. Re1 Rxe1+ 26. Bxe1 g5 27. Bf2 Bg6 28. Nc5 Bxc5 29. dxc5 Qd3 30. Qxd3 Bxd3 31. Bd4 f5 32. Kf2 Kf7 33. Ke3 Bb1 34. a3 Bc2 35. b4 Ba4 36. Bc3 Ke6 37. Bb2 1/2-1/2

[Event "CRO-chT2S"]
[Site "Makarska"]
[Date "2013.11.10"]
[Round "9.2"]
[White "Ribicic, Mate"]
[Black "Bratosevic, Mladen"]
[Result "1-0"]
[WhiteElo "2198"]
[BlackElo "2191"]
[PlyCount "83"]
[EventDate "2013.04.05"]
[EventType "team-tourn"]
[EventRounds "9"]
[EventCountry "CRO"]
[SourceTitle "EXT 2014"]
[Source "ChessBase"]
[SourceDate "2013.11.20"]
[SourceVersion "1"]
[SourceVersionDate "2013.11.20"]
[SourceQuality "1"]
[WhiteTeam "Kastel"]
[BlackTeam "Mravince II"]
[WhiteTeamCountry "CRO"]
[BlackTeamCountry "CRO"]

1. d4 d5 2. c4 c6 3. Nf3 Nf6 4. Nc3 a6 5. c5 Bf5 6. Qb3 Ra7 7. Bf4 Nbd7 8. h3 e6 9. g4 Bg6 10. e3 Ne4 11. Be2 Be7 12. h4 h5 13. g5 Bf5 14. Rg1 Qa5 15. Ne5 Nxc3 16. Qxc3 Qxc3+ 17. bxc3 Bd8 18. Kd2 Ba5 19. Bd3 Bxd3 20. Kxd3 g6 21. Rab1 Rf8 22. Nf3 Kd8 23. Bd6 Re8 24. Rb3 Bc7 25. Ne5 Nxe5+ 26. dxe5 Kc8 27. Rg3 Rd8 28. Rf3 Rd7 29. Rb4 Ba5 30. Rb3 Bd8 31. Rf4 Ba5 32. Ra4 Bd8 33. c4 dxc4+ 34. Kxc4 Bc7 35. Kd4 Bd8 36. e4 Bc7 37. f4 Bd8 38. Raa3 Bc7 39. Rb1 Rd8 40. f5 Bb8 41. fxg6 fxg6 42. Rf3 1-0

[Event "CRO-chT2S"]
[Site "Makarska"]
[Date "2013.04.06"]
[Round "2.2"]
[White "Ribicic, Mate"]
[Black "Brulic, Denis"]
[Result "1/2-1/2"]
[WhiteElo "2198"]
[BlackElo "2292"]
[PlyCount "95"]
[EventDate "2013.04.05"]
[EventType "team-tourn"]
[EventRounds "9"]
[EventCountry "CRO"]
[SourceTitle "EXT 2014"]
[Source "ChessBase"]
[SourceDate "2013.11.20"]
[SourceVersion "1"]
[SourceVersionDate "2013.11.20"]
[SourceQuality "1"]
[WhiteTeam "Kastel"]
[BlackTeam "Split Mornar"]
[WhiteTeamCountry "CRO"]
[BlackTeamCountry "CRO"]

1. d4 Nf6 2. c4 e6 3. Nf3 b6 4. a3 Ba6 5. Qc2 c5 6. d5 exd5 7. cxd5 Be7 8. Nc3 0-0 9. g4 d6 10. g5 Nfd7 11. Bf4 b5 12. b4 Bb7 13. Bg2 Na6 14. Nxb5 Nb6 15. bxc5 Nxc5 16. e4 Nxd5 17. exd5 Qa5+ 18. Nc3 Ba6 19. Bf1 Rfe8 20. Bxa6 Bf6+ 21. Be5 Bxe5 22. 0-0 Bxc3 23. Rac1 Qxa6 24. Qxc3 Re4 25. Rce1 Rae8 26. Rxe4 Rxe4 27. Re1 Qa4 28. Rxe4 Qxe4 29. Qb4 Qxb4 30. axb4 Nd3 31. b5 Nf4 32. Nd4 Nxd5 33. Nc6 Kf8 34. Kg2 Ke8 35. Nxa7 Kd7 36. Nc6 Nc7 37. Nd4 Ne6 38. Nf5 g6 39. Nh6 Nxg5 40. h4 Ne6 41. Nxf7 d5 42. Kg3 Nd4 43. Ng5 Nxb5 44. Nxh7 Ke6 45. Kf4 Nd6 46. Nf8+ Kf6 47. Nxg6 Kxg6 48. Ke5 1/2-1/2

[Event "Topusko op"]
[Site "Topusko"]
[Date "2012.08.07"]
[Round "4"]
[White "Vujnovic, Marko"]
[Black "Ribicic, Mate"]
[Result "0-1"]
[WhiteElo "1922"]
[BlackElo "2213"]
[PlyCount "86"]
[EventDate "2012.08.04"]
[EventType "swiss"]
[EventRounds "7"]
[EventCountry "CRO"]
[SourceTitle "EXT 2013"]
[Source "ChessBase"]
[SourceDate "2012.11.22"]
[SourceVersion "1"]
[SourceVersionDate "2012.11.22"]
[SourceQuality "1"]

1. e4 c5 2. Nf3 d6 3. d4 cxd4 4. Nxd4 Nf6 5. Nc3 g6 6. f3 Bg7 7. Be3 0-0 8. Qd2 Nc6 9. 0-0-0 Bd7 10. Kb1 Rc8 11. g4 Ne5 12. Be2 b5 13. h4 b4 14. Nd5 Nxd5 15. exd5 Nc4 16. Bxc4 Rxc4 17. h5 e5 18. Nb3 Qe7 19. Bh6 Bxh6 20. Qxh6 g5 21. Nd2 Rf4 22. Ne4 f6 23. Rd3 Bxg4 24. Rg1 Bf5 25. Re3 Bxe4 26. Rxe4 Rxe4 27. fxe4 Qg7 28. Qxg7+ Kxg7 29. Kc1 Kh6 30. Rh1 f5 31. exf5 Rxf5 32. Kd2 e4 33. Ke3 Rxd5 34. Kxe4 Rd2 35. Rc1 Kxh5 36. Ke3 Rh2 37. Kf3 Kh4 38. Rd1 g4+ 39. Kf4 Rf2+ 40. Ke3 Rxc2 41. Rxd6 h5 42. Ra6 Rxb2 43. Rxa7 Kg3 0-1

[Event "Zadar op-B 18th"]
[Site "Zadar"]
[Date "2011.12.12"]
[Round "2"]
[White "Ribicic, Mate"]
[Black "Wieser, Rupert"]
[Result "1/2-1/2"]
[WhiteElo "2198"]
[BlackElo "2054"]
[PlyCount "50"]
[EventDate "2011.12.11"]
[EventType "swiss"]
[EventRounds "9"]
[EventCountry "CRO"]
[SourceTitle "CBM 145 Extra"]
[Source "ChessBase"]
[SourceDate "2012.01.03"]
[SourceVersion "1"]
[SourceVersionDate "2012.01.03"]
[SourceQuality "1"]

1. d4 Nf6 2. c4 Nc6 3. Nf3 e6 4. a3 g6 5. Nc3 d6 6. e4 Bg7 7. Be2 0-0 8. d5 Ne7 9. 0-0 c6 10. h3 a6 11. Be3 exd5 12. cxd5 cxd5 13. exd5 b5 14. Qb3 Bf5 15. Nd4 Be4 16. Nxe4 Nxe4 17. Nc6 Nc5 18. Qa2 Qd7 19. Rac1 Na4 20. Rc2 Rfe8 21. Bg4 f5 22. Bf3 Nc8 23. Rfc1 Qf7 24. Nd4 f4 25. Rc7 Ne7 1/2-1/2

[Event "Zadar op-B 17th"]
[Site "Zadar"]
[Date "2010.12.15"]
[Round "6"]
[White "Seferovic, Relja"]
[Black "Ribicic, Mate"]
[Result "0-1"]
[WhiteElo "2055"]
[BlackElo "2181"]
[PlyCount "166"]
[EventDate "2010.12.12"]
[EventType "swiss"]
[EventRounds "9"]
[EventCountry "CRO"]
[SourceTitle "CBM 139 Extra"]
[Source "ChessBase"]
[SourceDate "2011.01.05"]
[SourceVersion "1"]
[SourceVersionDate "2011.01.05"]
[SourceQuality "1"]

1. d4 Nf6 2. Nf3 g6 3. Bg5 Bg7 4. Nbd2 d5 5. e3 0-0 6. Bd3 Nbd7 7. 0-0 c5 8. c3 b6 9. h3 Bb7 10. Qc2 Qe8 11. Rad1 e5 12. dxe5 Nxe5 13. Nxe5 Qxe5 14. Nf3 Qe6 15. Rfe1 Ne4 16. Bf4 h6 17. Qe2 Rad8 18. Bb5 Kh7 19. Rc1 f5 20. h4 Bf6 21. Bd3 Rd7 22. Kh2 Rh8 23. Rh1 Kg7 24. Kg1 Rhd8 25. Bb5 Re7 26. Rd1 Nd6 27. Ba4 Nf7 28. Rh3 g5 29. hxg5 hxg5 30. Rg3 g4 31. Bc2 Kf8 32. Nh2 Bh4 33. Nf1 d4 34. cxd4 cxd4 35. Qb5 Be4 36. Bxe4 Qxe4 37. f3 Qd5 38. Qxd5 Rxd5 39. e4 Bxg3 40. Nxg3 fxe4 41. Nxe4 gxf3 42. gxf3 Rf5 43. Bh2 Rd7 44. Kg2 Ne5 45. Nd2 Rg7+ 46. Bg3 Rc7 47. Re1 Rc2 48. Bxe5 Rxd2+ 49. Kg3 Rxe5 50. Rxe5 Rxb2 51. Rd5 Rxa2 52. Rxd4 b5 53. Rb4 a6 54. f4 Ra4 55. Rb1 Rc4 56. Ra1 Rc6 57. Kf3 Kf7 58. Ke4 Ke6 59. f5+ Kd6 60. Rd1+ Ke7 61. Rg1 b4 62. Rg7+ Kf8 63. Rb7 a5 64. Kf4 Rc3 65. Kg5 b3 66. Kf6 Rc6+ 67. Kg5 a4 68. f6 Rc2 69. Rb8+ Kf7 70. Rb7+ Ke6 71. Rb6+ Kd5 72. f7 Rg2+ 73. Kh6 Rf2 74. Kg7 Rxf7+ 75. Kxf7 Kc4 76. Ra6 Kb4 77. Ke6 Ka3 78. Kd5 b2 79. Rb6 Ka2 80. Kc4 a3 81. Kc3 b1Q 82. Rxb1 Kxb1 83. Kb3 a2 0-1

[Event "Mediterranean op-B 4th"]
[Site "Rijeka"]
[Date "2010.11.19"]
[Round "8"]
[White "Steinhart, Christoph"]
[Black "Ribicic, Mate"]
[Result "1/2-1/2"]
[WhiteElo "2021"]
[BlackElo "2181"]
[PlyCount "26"]
[EventDate "2010.11.13"]
[EventType "swiss"]
[EventRounds "9"]
[EventCountry "CRO"]
[SourceTitle "EXT 2011"]
[Source "ChessBase"]
[SourceDate "2010.11.26"]
[SourceVersion "1"]
[SourceVersionDate "2010.11.26"]
[SourceQuality "1"]

1. e4 c5 2. c4 Nc6 3. Nc3 g6 4. g3 Bg7 5. Bg2 e6 6. Nge2 Nge7 7. a3 0-0 8. 0-0 a6 9. Rb1 b5 10. cxb5 axb5 11. b4 cxb4 12. axb4 d5 13. d3 d4 1/2-1/2

[Event "Mediterranean op-B 4th"]
[Site "Rijeka"]
[Date "2010.11.15"]
[Round "4"]
[White "Kukuljan, Vlatko"]
[Black "Ribicic, Mate"]
[Result "1-0"]
[WhiteElo "1950"]
[BlackElo "2181"]
[PlyCount "73"]
[EventDate "2010.11.13"]
[EventType "swiss"]
[EventRounds "9"]
[EventCountry "CRO"]
[SourceTitle "EXT 2011"]
[Source "ChessBase"]
[SourceDate "2010.11.26"]
[SourceVersion "1"]
[SourceVersionDate "2010.11.26"]
[SourceQuality "1"]

1. d4 g6 2. Nf3 Bg7 3. Bg5 d6 4. c3 h6 5. Bh4 f5 6. e3 Nf6 7. Nbd2 g5 8. Bg3 0-0 9. h3 e6 10. Bc4 Qe7 11. Qc2 Nc6 12. 0-0-0 Ne4 13. Nxe4 fxe4 14. Nd2 d5 15. Be2 e5 16. Nb3 exd4 17. Nxd4 Nxd4 18. cxd4 Be6 19. Kb1 Rac8 20. Rc1 c5 21. dxc5 Qf6 22. Qd2 Rfd8 23. Bd6 Qxf2 24. Rcf1 Qxg2 25. Rh2 Qxh2 26. Bxh2 Bxh3 27. Rc1 d4 28. exd4 Bxd4 29. Bd6 Bf6 30. Qd5+ Kg7 31. Bh5 Rd7 32. Qxe4 Kh8 33. Be5 Rc6 34. Bd6 Rc8 35. Rh1 g4 36. Bxg4 Bxg4 37. Qxg4 1-0

[Event "Mediterranean op-B 4th"]
[Site "Rijeka"]
[Date "2010.11.14"]
[Round "3"]
[White "Ribicic, Mate"]
[Black "Brenc, Tomislav"]
[Result "1-0"]
[WhiteElo "2181"]
[BlackElo "2079"]
[PlyCount "49"]
[EventDate "2010.11.13"]
[EventType "swiss"]
[EventRounds "9"]
[EventCountry "CRO"]
[SourceTitle "EXT 2011"]
[Source "ChessBase"]
[SourceDate "2010.11.26"]
[SourceVersion "1"]
[SourceVersionDate "2010.11.26"]
[SourceQuality "1"]

1. d4 f5 2. Nc3 Nf6 3. Bg5 d5 4. f3 g6 5. Qd2 h6 6. Bxf6 exf6 7. e4 fxe4 8. fxe4 dxe4 9. Nxe4 Be6 10. Nf3 Nd7 11. d5 Bf5 12. Ng3 Qe7+ 13. Be2 Bg4 14. 0-0 0-0-0 15. Kh1 h5 16. Rae1 Qd6 17. Ne4 Qb6 18. b3 Nc5 19. Nc3 Bh6 20. Qd4 Rde8 21. b4 Na4 22. Nxa4 Qd6 23. Qxa7 Be3 24. Qa8+ Kd7 25. Bb5+ 1-0

[Event "Zagreb op-B"]
[Site "Zagreb"]
[Date "2010.02.28"]
[Round "5"]
[White "Klem, Davor"]
[Black "Ribicic, Mate"]
[Result "1-0"]
[WhiteElo "2048"]
[BlackElo "2203"]
[PlyCount "59"]
[EventDate "2010.02.25"]
[EventType "swiss"]
[EventRounds "9"]
[EventCountry "CRO"]
[SourceTitle "CBM 135 Extra"]
[Source "ChessBase"]
[SourceDate "2010.05.04"]
[SourceVersion "1"]
[SourceVersionDate "2010.05.04"]
[SourceQuality "1"]

1. e4 c5 2. d4 cxd4 3. c3 dxc3 4. Nxc3 Nc6 5. Nf3 e6 6. Bc4 Qc7 7. 0-0 Nf6 8. Qe2 Ng4 9. g3 a6 10. Bf4 Bd6 11. Nd5 exd5 12. exd5+ Nce5 13. Nxe5 Nxe5 14. Bxe5 Bxe5 15. f4 d6 16. fxe5 dxe5 17. d6 Qc5+ 18. Kg2 0-0 19. Rxf7 Rxf7 20. Rf1 Qc6+ 21. Kg1 Qc5+ 22. Kg2 Qc6+ 23. Kg1 Qc5+ 24. Kg2 Qc6+ 25. Kg1 b5 26. Bxf7+ Kh8 27. Bd5 Qc5+ 28. Rf2 Rb8 29. Qc2 Qxd6 30. Qc7 1-0

[Event "Rijeka op"]
[Site "Rijeka"]
[Date "2007.11.30"]
[Round "7"]
[White "Ribicic, Mate"]
[Black "Saric, Kristina"]
[Result "1/2-1/2"]
[WhiteElo "2225"]
[BlackElo "2148"]
[PlyCount "96"]
[EventDate "2007.11.25"]
[EventType "swiss"]
[EventRounds "9"]
[EventCountry "CRO"]
[SourceTitle "CBM 121 Extra"]
[Source "ChessBase"]
[SourceDate "2008.01.10"]
[SourceVersion "1"]
[SourceVersionDate "2008.01.10"]
[SourceQuality "1"]

1. d4 d5 2. c4 c6 3. Nf3 Nf6 4. e3 a6 5. Nbd2 Bg4 6. Qb3 Qc7 7. Ne5 Bh5 8. cxd5 cxd5 9. Ndf3 Bxf3 10. gxf3 Nbd7 11. Bd2 Qb6 12. Nxd7 Nxd7 13. Qxd5 Qxb2 14. Rc1 e6 15. Qb3 Qxb3 16. axb3 Bd6 17. Bd3 0-0 18. Ke2 e5 19. dxe5 Nxe5 20. Be4 Rab8 21. Rhd1 Rfd8 22. Ba5 b6 23. Bc3 Ng6 24. f4 f6 25. Rd3 Kf8 26. h4 Nxh4 27. Bxh7 Be7 28. Rxd8+ Rxd8 29. Rh1 Rc8 30. Bd4 f5 31. Rg1 Rc2+ 32. Kd3 Rxf2 33. Bxg7+ Ke8 34. Bh6 b5 35. Rg8+ Kd7 36. Ra8 Bb4 37. e4 Rd2+ 38. Ke3 Ng2+ 39. Kf3 Ne1+ 40. Kg3 Rd3+ 41. Kf2 fxe4 42. Bf5+ Kc7 43. Bxe4 Rxb3 44. Rxa6 Nd3+ 45. Bxd3 Rxd3 46. f5 Bc5+ 47. Ke2 Ra3 48. Rxa3 Bxa3 1/2-1/2

[Event "Rijeka op"]
[Site "Rijeka"]
[Date "2007.11.28"]
[Round "5"]
[White "Ribicic, Mate"]
[Black "Ramesa, Davor"]
[Result "1/2-1/2"]
[WhiteElo "2225"]
[BlackElo "2308"]
[PlyCount "77"]
[EventDate "2007.11.25"]
[EventType "swiss"]
[EventRounds "9"]
[EventCountry "CRO"]
[SourceTitle "CBM 121 Extra"]
[Source "ChessBase"]
[SourceDate "2008.01.10"]
[SourceVersion "1"]
[SourceVersionDate "2008.01.10"]
[SourceQuality "1"]

1. d4 d5 2. c4 c6 3. Nf3 Nf6 4. e3 e6 5. Nc3 a6 6. cxd5 exd5 7. Qc2 Bd6 8. Bd3 0-0 9. Ne5 c5 10. 0-0 Nc6 11. Nxc6 bxc6 12. dxc5 Bxh2+ 13. Kxh2 Ng4+ 14. Kg3 f5 15. f3 Qc7+ 16. f4 g5 17. Be2 Qe7 18. Bxg4 fxg4 19. Bd2 Bf5 20. e4 dxe4 21. Rae1 Rae8 22. fxg5 Qxc5 23. Be3 Qd6+ 24. Bf4 Qg6 25. Qa4 e3 26. Rxe3 Rxe3+ 27. Bxe3 Qd6+ 28. Qf4 Qd3 29. Qd4 Qxf1 30. Qe5 Qd3 31. Kh4 Bd7 32. Ne4 Qd5 33. Nf6+ Rxf6 34. Qxf6 Qe6 35. Qf4 Qf5 36. Qb8+ Kf7 37. Qd6 Qe6 38. Qc5 Qf5 39. Qd6 1/2-1/2

[Event "Rijeka op"]
[Site "Rijeka"]
[Date "2007.11.27"]
[Round "4"]
[White "Ljubicic, Filip"]
[Black "Ribicic, Mate"]
[Result "1/2-1/2"]
[WhiteElo "2480"]
[BlackElo "2225"]
[PlyCount "70"]
[EventDate "2007.11.25"]
[EventType "swiss"]
[EventRounds "9"]
[EventCountry "CRO"]
[SourceTitle "CBM 121 Extra"]
[Source "ChessBase"]
[SourceDate "2008.01.10"]
[SourceVersion "1"]
[SourceVersionDate "2008.01.10"]
[SourceQuality "1"]

1. e4 c5 2. Nf3 d6 3. Bb5+ Bd7 4. a4 Nc6 5. 0-0 g6 6. Re1 Bg7 7. c3 Nf6 8. d4 cxd4 9. cxd4 d5 10. e5 Ne4 11. Nc3 Nxc3 12. bxc3 0-0 13. Ba3 Re8 14. Rb1 e6 15. Qd2 Na5 16. Qf4 a6 17. Bxd7 Qxd7 18. Bb4 Nc4 19. a5 Rec8 20. h4 h6 21. Nh2 Qd8 22. g3 h5 23. Nf3 Bf8 24. g4 Bxb4 25. cxb4 hxg4 26. Qxg4 Qe7 27. Rb3 Kg7 28. Rd1 Rh8 29. Ng5 Rh5 30. Rf3 Rf8 31. Rf6 Rh6 32. Rd3 Qxb4 33. Rdf3 Nxe5 34. Nxe6+ fxe6 35. Rxf8 Nxf3+ 1/2-1/2

[Event "Zadar op-B 13th"]
[Site "Zadar"]
[Date "2006.12.14"]
[Round "6.4"]
[White "Ribicic, Mate"]
[Black "Plenca, Julian"]
[Result "1-0"]
[WhiteElo "2200"]
[BlackElo "2150"]
[PlyCount "45"]
[EventDate "2006.12.11"]
[EventType "swiss"]
[EventRounds "9"]
[EventCountry "CRO"]
[SourceTitle "CBM 115 Extra"]
[Source "ChessBase"]
[SourceDate "2007.01.10"]
[SourceVersion "1"]
[SourceVersionDate "2007.01.10"]
[SourceQuality "1"]

1. d4 e6 2. c4 Nf6 3. Nc3 c5 4. d5 exd5 5. cxd5 d6 6. e4 g6 7. Nge2 Bg7 8. Ng3 0-0 9. Be2 Na6 10. h4 h5 11. Bg5 Re8 12. Qd2 Nc7 13. 0-0 a6 14. f4 Qd7 15. f5 Rf8 16. Bh6 Nh7 17. Bxg7 Kxg7 18. f6+ Nxf6 19. Rxf6 Kxf6 20. Qg5+ Kg7 21. Nxh5+ Kg8 22. Nf6+ Kg7 23. Nxd7 1-0

[Event "Omis op"]
[Site "Omis"]
[Date "2006.10.06"]
[Round "4"]
[White "Mestrovic, Zvonimir"]
[Black "Ribicic, Mate"]
[Result "0-1"]
[WhiteElo "2308"]
[BlackElo "2200"]
[PlyCount "86"]
[EventDate "2006.10.04"]
[EventType "swiss"]
[EventRounds "7"]
[EventCountry "CRO"]
[SourceTitle "CBM 114 Extra"]
[Source "ChessBase"]
[SourceDate "2006.11.03"]
[SourceVersion "1"]
[SourceVersionDate "2006.11.03"]
[SourceQuality "1"]

1. e4 c5 2. c3 g6 3. h4 d5 4. e5 Bg7 5. d4 Nc6 6. h5 Nh6 7. Bb5 Qb6 8. Bxc6+ bxc6 9. dxc5 Qxc5 10. Nd2 Ng4 11. Qe2 Nxe5 12. Nb3 Qc4 13. Qxc4 Nxc4 14. Nf3 a5 15. Nbd2 Ba6 16. Nxc4 Bxc4 17. h6 Bf6 18. Bg5 Bxg5 19. Nxg5 0-0 20. b3 Ba6 21. 0-0-0 Rae8 22. Rd4 e5 23. Ra4 f6 24. Nf3 Be2 25. Rxa5 Bxf3 26. gxf3 Ra8 27. Rxa8 Rxa8 28. a4 Kf7 29. Kb2 Ke6 30. Ra1 Kf5 31. b4 Kf4 32. c4 dxc4 33. Kc3 Kxf3 34. Ra2 e4 35. a5 f5 36. Kxc4 f4 37. Kc5 e3 38. fxe3 fxe3 39. Kxc6 e2 40. Rxe2 Kxe2 41. Kb7 Rf8 42. a6 g5 43. b5 g4 0-1

[Event "Omis op"]
[Site "Omis"]
[Date "2006.10.05"]
[Round "2"]
[White "Jurkovic, Ante"]
[Black "Ribicic, Mate"]
[Result "1-0"]
[WhiteElo "2340"]
[BlackElo "2200"]
[PlyCount "51"]
[EventDate "2006.10.04"]
[EventType "swiss"]
[EventRounds "7"]
[EventCountry "CRO"]
[SourceTitle "CBM 114 Extra"]
[Source "ChessBase"]
[SourceDate "2006.11.03"]
[SourceVersion "1"]
[SourceVersionDate "2006.11.03"]
[SourceQuality "1"]

1. e4 c5 2. Nf3 d6 3. d4 cxd4 4. Nxd4 Nf6 5. Nc3 g6 6. Be3 Bg7 7. f3 0-0 8. Qd2 Nc6 9. Bc4 Bd7 10. Bb3 Nxd4 11. Bxd4 b5 12. a4 bxa4 13. Nxa4 e5 14. Be3 Be6 15. Nc3 Qb8 16. Ra3 Nd7 17. Bxe6 fxe6 18. Rb3 Nb6 19. 0-0 Rf7 20. Qd3 Rb7 21. Qa6 Qc7 22. Nb5 Qd7 23. Nxd6 Rc7 24. Rxb6 axb6 25. Qxa8+ Bf8 26. Ne8 1-0

[Event "Djakovo op-B"]
[Site "Djakovo"]
[Date "2006.05.02"]
[Round "4"]
[White "Iveljic, Igor"]
[Black "Ribicic, Mate"]
[Result "1-0"]
[WhiteElo "2247"]
[BlackElo "2204"]
[PlyCount "103"]
[EventDate "2006.04.30"]
[EventType "swiss"]
[EventRounds "9"]
[EventCountry "CRO"]
[SourceTitle "CBM 112 Extra"]
[Source "ChessBase"]
[SourceDate "2006.07.14"]
[SourceVersion "1"]
[SourceVersionDate "2006.07.14"]
[SourceQuality "1"]

1. e4 c5 2. c4 Nc6 3. Ne2 Nf6 4. Nbc3 e6 5. d4 d5 6. cxd5 exd5 7. Bg5 Be7 8. e5 Ne4 9. Bxe7 Qxe7 10. Nxd5 Qd8 11. dxc5 Bg4 12. f3 Bxf3 13. gxf3 Qh4+ 14. Ng3 Nxg3 15. Nc7+ Kf8 16. Qd6+ Kg8 17. 0-0-0 Nf5 18. Qd7 Qg5+ 19. Qd2 Qxd2+ 20. Rxd2 Rc8 21. Bh3 Rxc7 22. Bxf5 g6 23. Be4 Nxe5 24. Rd5 Nd7 25. Kb1 Kg7 26. b4 Nf6 27. Rd4 a5 28. a3 axb4 29. axb4 Nxe4 30. fxe4 Re8 31. Re1 Re5 32. Rd5 Re6 33. e5 g5 34. Kb2 Kg6 35. Kc3 b6 36. Kd4 bxc5+ 37. bxc5 f5 38. Rd6 Kf7 39. Kd5 Rg6 40. Rxg6 hxg6 41. Kd6 Ra7 42. e6+ Kf8 43. Rb1 Ra8 44. c6 Rd8+ 45. Ke5 Rc8 46. Kf6 Kg8 47. Kxg6 Kf8 48. Kf6 Kg8 49. Rc1 f4 50. Ke7 f3 51. Kd7 Ra8 52. c7 1-0